Financial Fragilities in Latin America : The 1980s and 1990s /

By reviewing the experiences of Latin American countries with the restructuring of their financial sectors since 1982, this paper derives lessons regarding the most effective ways to deal with banking difficulties in developing countries. It then discusses whether these lessons have been put into pr...

Celý popis

Podrobná bibliografie
Hlavní autor: Weisbrod, Steven
Další autoři: Rojas-Suarez, Liliana
Médium: Časopis
Jazyk:English
Vydáno: Washington, D.C. : International Monetary Fund, 1995.
Edice:Occasional Papers; Occasional Paper ; No. 1995/012
On-line přístup:Full text available on IMF
LEADER 01557cas a2200253 a 4500
001 AALejournalIMF012247
008 230101c9999 xx r poo 0 0eng d
020 |c 15.00 USD 
020 |z 9781557755025 
022 |a 0251-6365 
040 |a BD-DhAAL  |c BD-DhAAL 
100 1 |a Weisbrod, Steven. 
245 1 0 |a Financial Fragilities in Latin America :   |b The 1980s and 1990s /  |c Steven Weisbrod, Liliana Rojas-Suarez. 
264 1 |a Washington, D.C. :  |b International Monetary Fund,  |c 1995. 
300 |a 1 online resource (78 pages) 
490 1 |a Occasional Papers 
500 |a <strong>Off-Campus Access:</strong> No User ID or Password Required 
500 |a <strong>On-Campus Access:</strong> No User ID or Password Required 
506 |a Electronic access restricted to authorized BRAC University faculty, staff and students 
520 3 |a By reviewing the experiences of Latin American countries with the restructuring of their financial sectors since 1982, this paper derives lessons regarding the most effective ways to deal with banking difficulties in developing countries. It then discusses whether these lessons have been put into practice during the latest crisis. A sample of five countries - Argentina, Chile, Colombia, Mexico, and Peru - is used for this purpose. 
538 |a Mode of access: Internet 
700 1 |a Rojas-Suarez, Liliana. 
830 0 |a Occasional Papers; Occasional Paper ;  |v No. 1995/012 
856 4 0 |z Full text available on IMF  |u http://elibrary.imf.org/view/books/084/02342-9781557755025-en/02342-9781557755025-en-book.xml  |z IMF e-Library